| 000 | 00748nam a2200229Ia 4500 | ||
|---|---|---|---|
| 003 | GCL | ||
| 008 | 140319s9999 xx 000 0 ara d | ||
| 040 |
_aGCL / _cGCL |
||
| 082 | 0 | 4 |
_a813.009 _bم ج |
| 100 | 1 | _aابراهيم السحانين | |
| 245 | 1 | 0 |
_aجمال الغيطانى والتراث دراسه فى اعمالة الروائية / _cابراهيم السحانين |
| 700 | 1 | _aمأمون عبد القادر الصمادى | |
| 260 |
_a[S.N] : _bمكتبة مدبولى |
||
| 300 | _a234 ص | ||
| 490 | _a | ||
| 650 | 0 | 4 | _aالادب العربى |
| 650 | 0 | 4 | _aالقصص العربية |
| 650 | 0 | 4 | _aالادباء العرب |
| 650 | 0 | 4 | _aجمال الغيطانى |
| 650 | 0 | 4 | _aتاريخ ونقد |
| 942 |
_2ddc _cBK |
||
| 999 |
_c35467 _d35467 |
||